00864naa#a2200205#i#4500001001600000005001700016011001400033100004100047102000700088200007500095210012500170215001000295608002700305675017500332700003200507700003200539700002800571700003700599856002200636EN\\bibl\12300520260603213006.3##a2686-9896##a20260515b2026####ek#y0engy0150####ca##aRU1#aFEATURES OF ELECTRIC SUPPLY OF AN OIL PUMPING STATIONeJournal article1#aAngarskcFederal State Funded Educational Establishment of Higher Education «Angarsk State Technical University»d2026##a1 с.##aJournal article2local##aОбщее машиностроение. Ядерная техника. Электротехника. Технология машиностроения в целом. 621#1aArsent'evgOleg Vasil'evich#1aKorpangVadim Yaroslavovich#1aTkachgDenis Sergeevich#1aZaitsevgStanislav Alexandrovich4#aangtu.editorum.ru